| 000 | 00923nam a2200265Ia 4500 | ||
|---|---|---|---|
| 003 | OSt | ||
| 005 | 20221005110841.0 | ||
| 006 | a|||||r|||| 00| 0 | ||
| 007 | ta | ||
| 008 | 221004b |||||||| |||| 00| 0 hin d | ||
| 020 |
_a9788126719822 (hbk) _c225 |
||
| 024 | _a11307 | ||
| 037 |
_bBR8175, 20/03/2014, Rajkamal Prakashan Pvt. Ltd. _cTextual |
||
| 040 |
_aCRL _cCRL _bhin |
||
| 041 |
_2hin _ahin |
||
| 082 | _aO152,3N462,MM, Q1 | ||
| 100 | _aवज़ाहत, असगर | ||
| 245 | 0 | _aमन - माटी | |
| 246 | _aMan - māṭī | ||
| 260 |
_aनई दिल्ली _bराजकमल प्रकाशन भारत _c2012 |
||
| 300 |
_a159पृ0 _ccm. |
||
| 650 | _aहिन्दी साहित्य | ||
| 942 |
_hO152,3N462,MM, Q1 _cTEXL _2cc |
||
| 999 |
_c1020066 _d1020066 |
||